| 000 | 01544nam a2200277 i 4500 | ||
|---|---|---|---|
| 001 | 18420 | ||
| 003 | DO-SdUEMH | ||
| 005 | 20260422162859.0 | ||
| 007 | ta | ||
| 008 | 260422s2024 dr a|||gr|||| 00| 0dspa d | ||
| 020 | _a9789945800388 | ||
| 040 |
_aDO-SdUEMH _bspa _erda |
||
| 041 | _aspa | ||
| 082 | 1 | 4 |
_mRD _bR628 |
| 100 | _eaut | ||
| 245 |
_aTratado de Derecho Municipal Dominicano / _cJulián Roa |
||
| 250 | _aSegunda edición | ||
| 264 | 0 | 1 |
_aSanto Domingo, República Dominicana : _bSoto Castillo ; _c2024 |
| 300 |
_aIxi, 812 páginas : _bilustraciones ; _c23 cm. |
||
| 336 |
_2rdacontent _atexto _btxt |
||
| 337 |
_2rdamedia _asin mediación _bn |
||
| 338 |
_2rdacarrier _avolumen _bnc |
||
| 504 | _aContiene Referencias en la Página 793-799; Bibliografía en la Página 801-812. | ||
| 505 | 1 | _aTítulo I: Régimen Municipal, Pasaje Histórico -- Título Ll: Del Territorio De La Primera República Distrito Nacional -- Título Lll: La Administración Local Y Diferentes Tipos De Estructuras Del Estado -- Título Iv: Control Y Participación Social -- Titulo V: Las Prerrogativas -- Titulo Vi: Ceremonial Y Protocolo -- Titulo Vll: Constitución Del Consejo De Regidores -- Titulo Viii: Régimen De Funcionamiento Del Ayuntamiento -- Título Ix: Recursos En Contra De Las Decisiones De Los Ayuntamientos, Responsabilidad Civil -- Título X: Finanzas Municipales -- Título Xi: La Planificación Urbana -- Titulo Xii: Los Bienes Del Estado Y Los Bienes Municipales -- Titulo Xiii: Los Distritos Municipales. | |
| 942 |
_2ddc _cBK _n0 |
||
| 999 |
_c18420 _d18420 |
||